Slovensky ostali v hre o medaily Majstrovstvá Európy junioriek vo volejbale

Bibliographic Details
Format: Article
Language:Slovak
ISSN:0139-7001
Subjects:
Online Access:http://denniksport.sk/article/146238/semifinale-bez-sloveniek

MARC

LEADER 00000nab a2200000 ar4500
001 vtls010169293
003 SK-MaSNL
005 20260303192515.0
008 100917c20100906xo |||||||||||000 b|slo
015 |a SNBRB2010/09  |2 snkbucl 
038 |a SNKBUCL 
040 |a SNKBUCL  |b slo  |c SNKBUCL  |e AACR2 
041 0 |a slo 
044 |a xo  |c SK 
080 |a 796.325.093.1-053.6  |x (4)  |2 2001 
245 0 0 |a Slovensky ostali v hre o medaily  |b Majstrovstvá Európy junioriek vo volejbale 
611 2 7 |a Majstrovstvá Európy junioriek vo volejbale  |d (2010 :  |c Srbsko)  |2 snkbucl  |9 1223029 
650 0 7 |a volejbal  |2 snkbucl  |9 3294 
650 0 7 |a juniorky  |2 snkbucl  |9 879542 
773 0 |t Šport  |g Roč. 64 , č. 205 (6.9.2010), s. 38  |x 0139-7001 
852 |a SNK  |b KIS3GCP 
856 4 1 |u http://denniksport.sk/article/146238/semifinale-bez-sloveniek 
999 |c 2146596  |d 2148526